| 000 | 00980cam a2200289 a 4500 | ||
|---|---|---|---|
| 001 | 14476985 | ||
| 003 | OSt | ||
| 005 | 20230620105414.0 | ||
| 008 | 060802s2006 ke b 000 0 eng | ||
| 010 | _a 2006305765 | ||
| 020 | _a9966958878 | ||
| 040 |
_aDLC _cDLC |
||
| 042 | _alcode | ||
| 043 | _af-ke--- | ||
| 082 |
_a320.9 _bKSI |
||
| 245 | 0 | 0 |
_aFreedom of information survey : _ban audit of laws hindering access to information in Kenya. |
| 260 |
_aNairobi : _bKenyan Section of the International Commission of Jurists, _cc2006. |
||
| 300 |
_av, 92 p. ; _c21cm. |
||
| 504 | _aIncludes bibliographical references. | ||
| 650 | 0 |
_aFreedom of information _zKenya. |
|
| 650 | 0 |
_aGovernment information _zKenya. |
|
| 650 | 0 |
_aPublic records _xAccess control _zKenya. |
|
| 710 | 2 |
_aInternational Commission of Jurists (1952- ). _bKenya Section. |
|
| 906 |
_a7 _bcbc _corigode _d3 _encip _f20 _gy-gencatlg |
||
| 942 |
_2ddc _cBK |
||
| 999 |
_c1603 _d1603 |
||